Responses for Show #8982 - Tuesday, November 28, 2023

2023 Champions Wildcard Clubs final game 2.

Contestants

[<< previous game]

Nick Cascone, an orthopedic physician assistant originally from Queens, New York (subtotal of $9,300)

Dennis Chase, a biotech project manager from Palm Springs, California (subtotal of $3,000)

Jen Jazwinski, a youth services librarian from Algonquin, Illinois (subtotal of $5,600)

[next game >>]

Jeopardy! Round responses

WRITERS' WORDS
SECONDS
SLINGING ARROWS
A CAPITAL IDEA?
THE DEPARTMENT OF HOMELAND SECURITY
FOREIGN LANGUAGE
    $200 25
definition

Dennis
    $200 1
[Nick selected the first clue.]

the Library of Congress

Dennis
    $200 23
Katniss Everdeen

Jen
    $200 15
(Irving) Berlin

Dennis
    $200 26
air marshals

Nick
    $200 10
pravda

Nick
    $400 7
a cliché

Nick
    $400 8
Brigham Young

Nick
    $400 24
(Ken: Yeah, I hate that guy.)
[Laughter]

Game of Thrones

Dennis
    $400 16
Sofia Coppola

Dennis
    $400 27
the Secret Service

Nick
    $400 11
a bird

Dennis
    $600 4
genre

Dennis
    $1,000 9
Anne Boleyn

Nick
    $600 20
The Walking Dead

Dennis
    $600 17
a Lhasa apso

Nick
    $600 28
the TSA

Dennis
    $600 14
spinach

Nick
    $800 5
brevity

Jen
    $800 2
Drake

Dennis
    $800 21
Snow White and the Huntsman

Jen
    $800 18
Stockholm syndrome

Jen
    $800 29
the Coast Guard

Triple Stumper
    $800 12
13

Dennis
    $1000 6
a fallacy

Triple Stumper
    $1000 3
(Dennis: Who is Rockefeller?)
(Ken: Be more specific?)

Nelson Rockefeller

Dennis
    $1000 22
Brave

Nick
    $1000 19
(Jen: What is The Quiet American?)

Our Man in Havana

Jen
Triple Stumper
    $1000 30
Detroit

Dennis
    $1000 13
a mountain

Nick

Scores at the first commercial break (after clue 15):

Jen Dennis Nick
$800 $4,000 $3,600

Scores at the end of the Jeopardy! Round:

Jen Dennis Nick
$1,600 $7,200 $5,800

Double Jeopardy! Round responses

REMEMBER THE MANE
NAME THAT 1990s YEAR
STARDUST
FLOWER POWER
PEACE, LOVE & UNDERSTANDING
4 N LANGUAGE
(Ken: The letter N will appear four times in each correct response.)
    $400 7
Don King

Nick
    $400 15
1996

Nick
    $400 18
a galaxy

Dennis
    $400 16
Iris

Jen
    $400 25
a Brotherhood

Dennis
    $400 20
(Nick: What is [*] bottles of beer?)

ninety-nine

Nick
    $800 9
Farrah Fawcett

Dennis
    $800 27
(Ken: Pretty much any year he wasn't playing baseball.)
[Laughter]

1993 ('91, '92, '96, '97 or '98)

Jen
    $800 19
a snowball

Nick
    $800 17
a forget-me-not

Dennis
    $800 26
the League of Nations

Nick
    $800 21
unintentional

Jen
    $1200 10
Jacqueline Kennedy

Nick
    $1200 28
1990

Triple Stumper
    $1200 4
a binary (system)

Jen
    $1200 1
a daisy chain

Jen
    $1200 3
(Dennis: What is Brazil and Argentina?)

Argentina & Chile

DennisNick
    $1200 22
the Annunciation

Dennis
    $1600 11
Keri Russell

Dennis
    $1600 29
1994

Nick
    $5,000 5
(Jen: What is... mm...)
...
(Ken: They called it the camel leopard; we know it as [*]--like a camel with leopard spots.)

the giraffe

Jen
    $2,800 2
edelweiss

Jen
    $1600 13
CARE

Dennis
    $1600 23
transcontinental

Dennis
    $2000 12
Lyle Lovett

Jen
    $2000 30
(Jen: What is 1995?)

1999

Jen
Triple Stumper
    $2000 8
the Kuiper Belt

Nick
    $2000 6
(Dennis: What is [*] Wine?)

dandelion

Dennis
    $2000 14
Global Village

Triple Stumper
    $2000 24
(Ken: She's An [*] Woman.)

Inconvenient

Triple Stumper

Scores at the end of the Double Jeopardy! Round:

Jen Dennis Nick
$3,800 $16,400 $14,600

[wagering suggestions for these scores]

Final Jeopardy! Round responses

LITERARY GEOGRAPHY
JenWhat is Iowa?
$3,800
NickWhat is Iowa?
$14,600
DennisWhat is SUNY??
$11,500
the University of Iowa

Final scores:

Jen Dennis Nick
$7,600 $4,900 $29,200

Cumulative scores:

Jen Dennis Nick
$13,200 $7,900 $38,500
1st runner-up: $50,000 2nd runner-up: $25,000 Tournament champion: $100,000 + advance to the 2024 Tournament of Champions

Game dynamics:

Coryat scores:

Jen Dennis Nick
$7,600 $16,400 $14,200
11 R
(including 1 DD),
3 W
(including 1 DD)
22 R,
1 W
19 R
(including 1 DD),
0 W

Combined Coryat: $38,200

[game clues] [game scores] [suggest correction]

Game tape date: 2023-10-19
The J! Archive is created by fans, for fans. Scraping, republication, monetization, and malicious use prohibited; this site may use cookies and collect identifying information. See terms. The Jeopardy! game show and all elements thereof, including but not limited to copyright and trademark thereto, are the property of Jeopardy Productions, Inc. and are protected under law. This website is not affiliated with, sponsored by, or operated by Jeopardy Productions, Inc. Join the discussion at JBoard.tv.